All-Time Bundesliga Table - Statistics

General Stats
  • This quiz has been taken 2,021 times
    1,574 since last reset
  • The average score is 32 of 55
Answer Stats
Rank Team 2018–19 League % Correct
1. FC Bayern München 1st
100%
4. Borussia Dortmund 1st
99%
3. Hamburger SV 2nd
92%
7. FC Schalke 04 1st
90%
11. Bayer 04 Leverkusen 1st
88%
39. RB Leipzig 1st
88%
2. SV Werder Bremen 1st
88%
8. 1. FC Köln 2nd
86%
6. Borussia Mönchengladbach 1st
85%
5. VfB Stuttgart 1st
85%
9. Eintracht Frankfurt 1st
83%
17. VfL Wolfsburg 1st
82%
12. Hertha BSC 1st
76%
14. 1. FC Nürnberg 1st
75%
25. 1. FSV Mainz 05 1st
75%
22. SC Freiburg 1st
75%
27. TSG 1899 Hoffenheim 1st
75%
28. FC Augsburg 1st
73%
10. 1. FC Kaiserslautern 3rd
72%
15. Hannover 96 1st
72%
19. Fortuna Düsseldorf 1st
68%
13. VfL Bochum 2nd
68%
37. SG Dynamo Dresden 2nd
66%
21. TSV 1860 München 3rd
62%
52. SpVgg Greuther Fürth 2nd
60%
32. FC St. Pauli 2nd
59%
23. DSC Arminia Bielefeld 2nd
58%
20. Eintracht Braunschweig 3rd
58%
40. SV Darmstadt 98 2nd
55%
26. Hansa Rostock 3rd
54%
18. Karlsruher SC 3rd
54%
50. SC Paderborn 07 2nd
54%
34. Alemannia Aachen 4th
52%
31. Rot-Weiss Essen 4th
52%
46. FC Ingolstadt 04 2nd
51%
47. Tennis Borussia Berlin 5th
51%
16. MSV Duisburg 2nd
50%
36. 1. FC Saarbrücken 4th
46%
33. FC Energie Cottbus 3rd
45%
29. SV Waldhof Mannheim 4th
42%
51. SC Preußen Münster 3rd
37%
55. SC Tasmania 1900 Berlin
36%
48. SSV Ulm 1846 4th
35%
24. KFC Uerdingen 05 3rd
34%
30. Kickers Offenbach 4th
33%
44. SpVgg Unterhaching 3rd
33%
45. Stuttgarter Kickers 5th
31%
41. Wuppertaler SV 4th
29%
54. VfB Leipzig
28%
38. Rot-Weiß Oberhausen 4th
27%
49. SC Fortuna Köln 3rd
24%
43. FC 08 Homburg 4th
23%
35. SG Wattenscheid 09 4th
23%
53. Blau-Weiß 90 Berlin
19%
42. Borussia Neunkirchen 6th
17%
No matching quizzes found
Score Distribution
Percent of People with Each Score
Percentile by Number Answered
Your Score History
You have not taken this quiz since the last reset